Statistics for Burundi... or Rwanda?

Click here to take the quiz!

General Stats

  • This quiz has been taken 382 times
    (371 since last reset)
  • The average score is 9 of 16

Answer Stats

QuestionAnswer% Correct
Kigali is its capitalRwanda
82%
Paul Kagame is its presidentRwanda
76%
Is one of Africa's fastest growing economiesRwanda
75%
Is world's least happiest countryBurundi
73%
Moved its capital to its second-largest city in February 2019Burundi
72%
Gained independence from BelgiumBoth
66%
Has a sun on its flagRwanda
65%
Has Africa's second highest average elevationRwanda
62%
More than half of the population is CatholicBoth
59%
About 90% of its population is employed in agricultureBoth
57%
Is one of the two countries to have mountain gorillasRwanda
50%
English and French are two of its official languagesBoth
48%
Is the larger one by areaBurundi
48%
Borders the Lake TanganyikaBurundi
38%
Had a brutal history of genocideBoth
36%
Hutu people are the largest ethnic groupBoth
36%

Score Distribution

Percentile by Number Answered

Percent of People with Each Score

Your Score History

You have not taken this quiz since the last reset